<?xml version="1.0" encoding="UTF-8"?>
<collection xmlns="http://www.loc.gov/MARC21/slim">
 <record>
  <leader>01954nam a2200277 a 4500</leader>
  <controlfield tag="001">TVCDKTCT6285</controlfield>
  <controlfield tag="003">Thư viện trường Cao đẳng Kỹ thuật Cao Thắng</controlfield>
  <controlfield tag="005">20220930102210.000</controlfield>
  <controlfield tag="008">070102</controlfield>
  <datafield tag="980" ind1="\" ind2="\">
   <subfield code="a">Thư viện Trường CĐ Kỹ Thuật Cao Thắng</subfield>
  </datafield>
  <datafield tag="024" ind1=" " ind2=" ">
   <subfield code="a">RG_1 #1 eb0 i1 i5</subfield>
  </datafield>
  <datafield tag="041" ind1="0" ind2="#">
   <subfield code="a">vie</subfield>
  </datafield>
  <datafield tag="082" ind1="#" ind2="#">
   <subfield code="a">621.313 / </subfield>
   <subfield code="b">TH308K-t</subfield>
  </datafield>
  <datafield tag="100" ind1="1" ind2="#">
   <subfield code="a">Trần Khánh Hà</subfield>
  </datafield>
  <datafield tag="245" ind1="0" ind2="0">
   <subfield code="a">Thiết kế máy điện / </subfield>
   <subfield code="c">Trần Khánh Hà, Nguyễn Hồng Thanh</subfield>
  </datafield>
  <datafield tag="250" ind1="#" ind2="#">
   <subfield code="a">Tái bản lần thứ 4</subfield>
  </datafield>
  <datafield tag="260" ind1="#" ind2="#">
   <subfield code="a">H. : </subfield>
   <subfield code="b">Khoa học và Kỹ thuật , </subfield>
   <subfield code="c">2006</subfield>
  </datafield>
  <datafield tag="300" ind1="#" ind2="#">
   <subfield code="a">679tr. ; </subfield>
   <subfield code="c">21cm</subfield>
  </datafield>
  <datafield tag="520" ind1="#" ind2="#">
   <subfield code="a">Sách được bố cục theo trình tự giảng dạy gồm 17 chương, trong đó chín chương đầu nói về các vấn đề chung cho các loại máy điện như các xác định kích thước chủ yếu, dây quấn, tính mạch từ, tham số, tổn hao, thông gió và phát nhiệt, tính toán cơ khí cho các kết cấu cơ bản. Bốn chương tiếp theo đi sâu vào thiết kế bốn loại máy điện cơ bản là máy điện không đồng bộ, máy điện một chiều và máy biến áp, kèm theo thí dụ có tính toán. Bốn chương cuối nêu cách sử dụng máy tính để thiết kế máy điện, các mô hình toán và các phương pháp lập trình tính toán tự động và tối ưu, đồng thời xét đến sai số công nghệ của các đầu ra.</subfield>
  </datafield>
  <datafield tag="650" ind1="#" ind2="4">
   <subfield code="a">Máy điện</subfield>
  </datafield>
  <datafield tag="653" ind1="#" ind2="#">
   <subfield code="a">Electric Machines</subfield>
  </datafield>
  <datafield tag="653" ind1="#" ind2="#">
   <subfield code="a">Industrial Electrical Engineering</subfield>
  </datafield>
  <datafield tag="700" ind1="0" ind2="#">
   <subfield code="a">Nguyễn Hồng Thanh</subfield>
  </datafield>
  <datafield tag="721" ind1="#" ind2="#">
   <subfield code="a">CNKT Điện</subfield>
  </datafield>
  <datafield tag="841" ind1="#" ind2="#">
   <subfield code="b">Kho Sách </subfield>
   <subfield code="j">100019368, 100019378, 100019393</subfield>
  </datafield>
  <datafield tag="841" ind1="#" ind2="#">
   <subfield code="b">Kho Tra Cứu </subfield>
   <subfield code="j">500001947, 500002144</subfield>
  </datafield>
 </record>
</collection>
